Statistics for 1M Cities Starting with K

Click here to take the quiz!

General Stats

  • This quiz has been taken 275 times
  • The average score is 18 of 33

Answer Stats

CityCountry% Correct
KabulAfghanistan
99%
KievUkraine
96%
KinshasaD. R. Congo
96%
KathmanduNepal
94%
Kuwait CityKuwait
94%
KampalaUganda
92%
KhartoumSudan
92%
Kuala LumpurMalaysia
91%
KarachiPakistan
85%
KigaliRwanda
83%
KanoNigeria
82%
Kansas CityUnited States
73%
KharkivUkraine
72%
KatowicePoland
64%
KolkataIndia
63%
KazanRussia
52%
KumasiGhana
49%
KunmingChina
49%
KaohsiungTaiwan
47%
KanpurIndia
44%
KrasnoyarskRussia
39%
KonyaTurkey
34%
KirkukIraq
33%
KadunaNigeria
29%
KisanganiD. R. Congo
27%
KitakyushuJapan
27%
KayseriTurkey
24%
KochiIndia
23%
KanangaD. R. Congo
21%
KhulnaBangladesh
21%
KumamotoJapan
19%
KaifengChina
15%
KotāIndia
13%

Score Distribution

Percentile by Number Answered

Percent of People with Each Score

Your Score History

You have not taken this quiz